000 00704nam a2200289Ia 4500
005 20260324124118.0
008 008 260324s9999 xx 000 0 eng d
020 _a9781315608976
037 _aEBOOK
040 _aCRL
040 _beng
040 _cCRL
041 _2eng
041 _aeng
084 _qCRL
100 _aBessma Momani; Matteo Legrenzi
_91172887
245 0 _aShifting Geo-Economic Power of the Gulf
245 0 _bOil, Finance and Institutions
260 _bTaylor and Francis
260 _c2011
365 _a
365 _b240
856 _uhttp://www.taylorfrancis.com/books/9781315608976
942 _cEBOOK
999 _c1767012
_d1767012